00325nam a2200121Ia 4500008004000000020001600040082001500056100004700071245003000118260002900148300000800177650001800185210210b1972 xxu||||| |||| 00| 0 eng d a07 085852 7 a515.8 ANDE aANDERSON (Kenneth W) and HALL (Dick Wick). aElementary real analysis. aParisbMcGraw Hillc1972 a178 aReal analysis